Statistics for Les donjons de The Legend of Zelda: Ocarina of Time

Click here to take the quiz!

General Stats

  • This quiz has been taken 6 times
  • The average score is 22 of 52

Answer Stats

HintAnswer% Correct
LocalisationArbre Mojo
100%
LocalisationCaverne Dodongo
100%
TalismanEmeraude Kokiri
100%
BossGohma
100%
Object récupéréLance-pierre
100%
TalismanRubis Goron
100%
TalismanSaphir Zora
100%
LocalisationVentre de Jabu-Jabu
100%
Object récupéréArc
67%
BossBongo bongo
67%
Object récupéréBoomerang
67%
Object récupéréBouclier miroir
67%
LocalisationCimetière Cocorico
67%
SageDarunia
67%
LocalisationDésert Gerudo
67%
BossGanondorf / Ganon
67%
Object récupéréGrappin
67%
SageImpa
67%
BossKoumé et Kotaké / Twinrova
67%
LocalisationLac Hylia
67%
LocalisationMont du Péril
67%
SageNabooru
67%
SageRauru
67%
SageRuto
67%
SageSaria
67%
BossBarinade
33%
Mini-bossDark Link
33%
BossGanon Spectral
33%
Object récupéréMasse des Titans
33%
BossMorpha
33%
ChantNocturne de l'Ombre
33%
Mini-bossPeste Mojo
33%
ChantRequiem de l'Esprit
33%
BossVolcania
33%
Mini-BossBigocto
0%
ChantBoléro du Feu
0%
Object récupéréBottes de l'Air
0%
Mini-bossDanseurs de feu
0%
Object récupéréExcalibur
0%
LocalisationForêt Kokiri
0%
Object récupéréGantelets d'or
0%
Mini-bossHache-viande
0%
BossKing Dodongo
0%
Mini-bossLizalfos
0%
ChantMenuet des Bois
0%
Mini-bossPoignant
0%
ChantPrélude de la Lumière
0%
Object récupéréSac de bombe
0%
ChantSerenade de l'Eau
0%
Mini-bossStalfos
0%
LocalisationTour de Ganondorf
0%
LocalisationVillage d'Hyrule
0%

Score Distribution

Percentile by Number Answered

Percent of People with Each Score

Your Score History

You have not taken this quiz